000 00579 a2200169 4500
999 _c1197
_d1197
020 _a9781844800247
050 _aHD39.5 WEE 2005
100 _aWeele, A. J. van (Arjan J.)
_eauthor
245 _aPurchasing and supply chain management : analysis, planning and practice /
_cArjan J. van Weele
250 _a4th ed.
264 _aLondon :
_bThomson Learning,
_c2005
300 _axxvi, 364p. :
_bill.
500 _aIncludes bibliographical references and index
650 _aPurchasing
_xManagement
650 _aIndustrial procurement
942 _2lcc
_cBK
_e4th ed.
_h39.5
_iWEE
_kHD